00902nam a2200265 u 450000100100000000500170001000800410002702000180006804100140008604300120010008200210011210000220013324500700015525000120022526000370023730000230027449000140029750001690031150000380048050400270051865000230054565000300056865000170059870000210061500005709020200120223431.0130625s2007 ck a gr 000 0 spa d a97895830228210 a*spahita as-ck---04a582.13bL65f2211 aLomazzi, Giuliana14aLas flores de Bach /cGiuliana Lomazzi ; traducción Lino Forte. a1a. ed. aBogotá :bPanamericana,c2007. a95 p. :bil., col.0 aBienestar aEn la carátula Las flores de Bach, Curar las causas de las enfermedades para encontrar un perfecto equilibrio físico y mental por medio de las esencias florales aTítulo original : Fiori di Bach aIncluye bibliografía17aFloroterapia2LEMB27aBotánica médica2LEMB27aFlores2LEMB1 aForte, Linoetr.